|
|
|
|
| LEADER |
00000nam0a2200000 4500 |
| 001 |
351020 |
| 005 |
20231102010348.0 |
| 035 |
|
|
|a (RuTPU)RU\TPU\retro\5434
|
| 090 |
|
|
|a 351020
|
| 100 |
|
|
|a 20190319d1957 k y0rusy50 ca
|
| 101 |
1 |
|
|a rus
|c eng
|
| 102 |
|
|
|a RU
|
| 105 |
|
|
|a a z 001zy
|
| 200 |
1 |
|
|a 20-й полугодовой отчет комиссии по атомной энергии США(январь - июнь 1956 г.)
|e пер. с англ.
|f СССР, Главное управление по использованию атомной энергии
|
| 210 |
|
|
|a Москва
|c Управление научно-технической информации и выставок
|d 1957
|
| 215 |
|
|
|a 386 с.
|c ил.
|
| 225 |
1 |
|
|a Труды Главного управления по использованию атомной энергии
|v Вып. 14
|
| 317 |
|
|
|5 63413507: КР-6358
|a Поступила в НТБ в 1987 г. в дар от вдовы ученого Е. К. Завадовской
|
| 320 |
|
|
|a Патенты КАЭ: с. 210-216
|
| 320 |
|
|
|a Публикации КАЭ: с. 217-231
|
| 606 |
1 |
|
|a Атомная энергия
|x Применение в народном хозяйстве
|2 stltpush
|3 (RuTPU)RU\TPU\subj\29682
|9 52960
|
| 610 |
1 |
|
|a энергетические реакторы
|
| 610 |
1 |
|
|a исследовательские реакторы
|
| 610 |
1 |
|
|a топливо
|
| 610 |
1 |
|
|a мирное использование
|
| 610 |
1 |
|
|a военное применение
|
| 610 |
1 |
|
|a международное сотрудничество
|
| 610 |
1 |
|
|a управляемые термоядерные реакции
|
| 610 |
1 |
|
|a ядерные материалы
|
| 610 |
1 |
|
|a контроль
|
| 610 |
1 |
|
|a персонал
|
| 610 |
1 |
|
|a полугодовые отчеты
|
| 610 |
1 |
|
|a библиотека А. А. Воробьева
|
| 610 |
1 |
|
|a дары библиотеке
|
| 675 |
|
|
|a 621.039.9
|v 4
|
| 712 |
0 |
1 |
|a СССР
|b Главное управление по использованию атомной энергии
|2 stltpush
|3 (RuTPU)RU\TPU\col\15833
|9 26284
|
| 801 |
|
1 |
|a RU
|b 63413507
|c 20190319
|
| 801 |
|
2 |
|a RU
|b 63413507
|c 20200110
|g RCR
|
| 942 |
|
|
|c BK
|